[Event "Dallas UTD"]
[Site "Dallas"]
[Date "2004.12.12"]
[Round "6"]
[White "Schneider, Dmitry"]
[Black "Moiseenko, Alexander"]
[Result "0-1"]
[WhiteElo "2453"]
[BlackElo "2653"]
[Annotator "Roiz,M"]
[PlyCount "84"]
[EventDate "2004.12.07"]
[EventType "tourn"]
[EventRounds "9"]
[EventCountry "USA"]
[EventCategory "10"]
[SourceTitle "CBM 105"]
[Source "ChessBase"]
[SourceDate "2005.04.11"]
[SourceVersion "1"]
[SourceVersionDate "2005.04.11"]
[SourceQuality "1"]

1. e4 c5 2. Nf3 Nc6 3. Bb5 e6 4. O-O Nge7 5. c3 a6 6. Ba4 c4 7. d4 {That is
the most popular continuation. However, the practice prove, that black usually
gets a comfortable play here.} ({In my opinion, the attempts to use some
vulnerablity of Pc4 are more unpleasant:} 7. Bc2 Ng6 8. b3 b5 9. Qe2 (9. a4 Bb7
10. d4 cxd3 11. Bxd3 b4 12. Bb2 Bc5 13. Nbd2 (13. cxb4 $6 Nxb4 14. Bxg7 $2 Rg8
15. Bh6 Nh4 16. g3 Nxf3+ 17. Qxf3 Qh4 $19) 13... O-O 14. Rc1 d6 15. Nc4 Qe7 16.
Nd4 bxc3 17. Nxc6 Bxc6 18. Bxc3 Rab8 $11 {0-1 Burnett,R-Moiseenko,A/Guelph CAN
2004/The Week in Chess 510 (23)}) 9... Qc7 10. bxc4 Nf4 11. Qe3 bxc4 12. Ba3
Be7 13. Bxe7 Nxe7 14. Na3 O-O 15. Rfe1 Nfg6 16. h4 $36 {1-0 Vaulin,A-Moroz,A/
Pardubice 1992/EXT 2000 (29)}) ({or} 7. Qe2 $5) 7... cxd3 8. Qxd3 b5 {Black
avoids a possible exchange on c6 at cost of somewhat weakening his q-side.} ({
In his previous game Alexander choosed} 8... Ng6 {and didn't face any problems.
}) 9. Bc2 Ng6 10. a4 b4 11. c4 $2 {[%mdl 16384] In my opinion, that is already
a serious positional mistake which leaves white without any useful plan.} ({
Better was:} 11. Bg5 Be7 (11... Qc7 $5) 12. Bxe7 Qxe7 13. Nbd2 $132 {[%cal
Gd2c4] leaving a square c4 for the knight.}) 11... Be7 12. b3 $146 {Actually,
white cannot do without that move,since Pc4 will become vulnerable very soon.}
(12. Re1 d6 13. Nbd2 Qc7 14. b3 Bf6 15. Rb1 Nf4 16. Qe3 e5 $15 {1/2-1/2
Aryanejad,H-Khakpoor,A/Fajr 1993/EXT 2004 (42)}) (12. Be3 O-O 13. Nbd2 Bb7 14.
Rad1 Qc7 15. b3 $11) 12... d6 13. Be3 ({There is no reason to put the
dark-squared bishop on b2. For instance,} 13. Bb2 O-O 14. Nbd2 Nf4 15. Qe3 e5
$15 {[%csl Rb2,Rc2] and black is already preferable.}) 13... O-O 14. Nbd2 Bb7
$15 {Black's pieces are developed more comfortably, while white has no useful
plan-that makes his position worse. Black's plan is swapping the dark-squared
bishops.} 15. Rad1 Qc7 16. Bb1 ({Maybe it was better to simplify the position:
} 16. Nd4 Nxd4 17. Bxd4 Bg5 18. g3 e5 19. Be3 Bxe3 20. Qxe3 $15 {although
black has a stable advantage and may deliver his knight to c5 or d4.}) 16...
Rad8 17. Rfe1 {That played with an idea of transfering the knight to g3-that
will free some space for a heavy pieces.} ({Now} 17. Nd4 {can be strongly met
by:} d5 18. exd5 exd5 $36) (17. Qe2 Bf6 18. Bd3 Rfe8 $36 {[%csl Re2][%cal
Gd6d5]}) 17... Bf6 18. Nf1 Bc3 {Finally, black has realized his main idea. Now
white cannot do with an unpleasant statement of Bc3.} 19. Bd2 ({Now} 19. Re2 $2
{is just bad in view of:} Nce5 20. Nxe5 dxe5 21. Qc2 Bxe4 $19) 19... Nge5 {
It's important to exchange one pair of the knights in order to take control of
''d4'' spot.} 20. Qe2 ({After} 20. Nxe5 dxe5 {black may take with a pawn:} 21.
Qg3 Bxd2 22. Nxd2 Nd4 $17 {[%cal Gc7c5,Gd8d6,Gf8d8] and i don't see how white
can regroup his pieces, while black may just double his rooks.}) 20... Nxf3+
21. Qxf3 Nd4 22. Qd3 Bxd2 ({Ofcourse, not} 22... Nxb3 $2 23. e5 $1 g6 24. Bxc3
bxc3 25. exd6 $132 {and suddenly white gets some counterplay.}) 23. Rxd2 {
A loss of time. White should try to activate his knight as soon as possible.} (
{That's why i would prefer:} 23. Nxd2 e5 24. Nf3 Ne6 $15) 23... e5 24. Ne3 g6 {
A good profilactic move, preventing white from playing Ne3-f5 at some moment.}
25. Nc2 Nc6 26. Qh3 {An additional inaccuracy which allows black to deliver
his knight to e6.} ({Better was:} 26. Ne3 a5 $140 27. Nd5 Qb8 28. Qe3 $15 {
[%csl Rd4][%cal Yd2d4] in order to meet Nc6-d4 with a sacrifice.}) 26... a5 27.
Ne3 {A strange move which helps black to regroup his pieces.} ({Better was
just to wait:} 27. Red1 Qe7 28. Rd3 $15 {and it's not easy fot black to make
some progress, since white is very solid.}) 27... Nd4 28. Rb2 {White is
playing too passively and usually that strategy leads to disaster.} ({Better
was:} 28. Nc2 Ne6 ({or} 28... Nxc2 29. Bxc2 Bc8 30. Qe3 Be6 31. Red1 $15) 29.
Ne3 Kh8 30. Red1 $15 {intending to meet} Nc5 $140 {with} 31. Nd5 Bxd5 32. Rxd5
Ne6 33. Qe3 {In my opinion, black hardly can win here, since white can always
sacrifice an exchange on d4.}) 28... Kh8 29. Nc2 {Now it's obviously, that
white shouldn't remove his rook from d2.} Ne6 30. Ne3 Qe7 31. f3 $6 {
Unnecessarily weakening the dark squares around the monarch and cutting the
queen from the centre.} ({Still, there was nothing wrong with} 31. Rd2 $15)
31... Rg8 32. Ng4 $2 {A critical loss of time-the knight has nothing to do on
g4.} ({White could hold on after the accurate:} 32. Rd1 Qg5 ({Nothing gives} 
32... f5 $6 33. exf5 Ng5 34. Qh6 Nf7 35. Qh3 $11) 33. Nf1 $1 Nd4 34. Qg3 $15 {
[%cal Gg3f2]}) 32... Nd4 {[%cal Gf7f5]} 33. Ne3 ({Hardly better would be:} 33.
Rd1 Bc8 (33... Rg7 $5 {[%cal Gf7f5]}) 34. Qg3 Qg5 35. h4 Qe7 36. Ne3 Be6 $17 {
[%csl Rh4][%cal Gg8f8,Gf7f5]}) 33... Rdf8 $1 $17 {White's pieces are not
coordinated and black exploits that by f7-f5.} 34. Nc2 Ne6 35. Ne3 f5 $1 {
Finally that important breakthrough comes!} 36. exf5 {That opens the file
''g'' and makes white's position very dangerous.} ({White's positional is just
lost from strategical point of view after:} 36. Nd5 Bxd5 37. exd5 Nc5 $17 {
[%csl Rb1,Gc5] /-+}) ({But maybe white could reach more practical chances
after:} 36. Qh6 f4 (36... Nd4 $5 $17) 37. Nd5 Bxd5 38. exd5 Nc5 $17 {Black's
plan in this position is advancing his ''g'' pawn (maybe after trading the
queens).}) 36... Ng5 $1 37. Qh6 (37. Qg3 {fails to:} Nxf3+ $1 38. gxf3 gxf5 $19
) 37... gxf5 38. Kf2 (38. Kh1 Rf6 (38... Nxf3 39. gxf3 Bxf3+ 40. Ng2) 39. Qh5
Qf8 {[%cal Gf6h6]} 40. f4 $8 exf4 $1 (40... Rh6 $143 41. Qxg5 Rxg5 42. fxg5 $17
) 41. Nd5 f3 $19) 38... Rf6 39. Qh5 $2 {After that move white's queen couldn't
escape from a danger zone.} ({The only chance was:} 39. Qh4 Qf8 40. Nxf5 Rxf5
41. Bxf5 Qxf5 42. Re3 $17 {and at least there is no immediate win for black})
39... Qf8 $19 {Now white cannot avoid a significant loss of material.} 40. h4 (
{The point is that after} 40. Nxf5 Rxf5 41. Bxf5 Qxf5 {[%csl Rh5][%cal Gg5e4]
white has no time for consolidating move 42.Re3, since his queen is hanging.}
42. Kf1 Qd3+ 43. Ree2 Nxf3 $19) 40... Ne6 {[%cal Ge6f4]} 41. Ng4 ({The only
defence against 41...Nf4 fails to:} 41. g3 Ng7 42. Qg5 Rg6 $19) 41... Nf4 42.
Nxf6 Qxf6 {[%csl Rh5] The queen is trapped, so white resigned.} ({Ofcourse,
good enough was also} 42... Nxh5 43. Nxg8 Qxg8 $19) (42... Qxf6 43. Qxf5 Qxh4+
44. Kg1 Qxe1+ 45. Kh2 Qh4+ 46. Kg1 Bxf3 $19) 0-1

[Event "Elgoibar 14th"]
[Site "Elgoibar"]
[Date "2004.12.15"]
[Round "5"]
[White "Saldano Dayer, Horacio"]
[Black "Felgaer, Ruben Alejandro"]
[Result "0-1"]
[WhiteElo "2482"]
[BlackElo "2569"]
[Annotator "Roiz,M"]
[PlyCount "80"]
[EventDate "2004.12.11"]
[EventType "tourn"]
[EventRounds "9"]
[EventCountry "ESP"]
[EventCategory "10"]
[SourceTitle "CBM 105"]
[Source "ChessBase"]
[SourceDate "2005.04.11"]
[SourceVersion "1"]
[SourceVersionDate "2005.04.11"]
[SourceQuality "1"]

1. e4 c5 2. Nf3 Nc6 3. Bb5 e6 4. O-O Nge7 5. b3 Ng6 {That continuation has a
good reputation nowdays. Black just completes the development and takes
control on important central square e5.} ({The alternatives are:} 5... Nd4) ({
and} 5... a6) 6. Bb2 f6 {That move is necessary in order to neutralize the
pressure of Bb2.} 7. Re1 {White wants to create a solid pawns centre by c2-c3
and d2-d4 and leaves a good square for retreat of Bb5. That plan is the most
popular, but usually black gets a normal position by meeting d2-d4 with d7-d5.}
({The alternative is:} 7. d4 cxd4 8. Nxd4 Bc5 {when black usually gets a good
piece play, since white's way of development is not very ambitious.} ({or} 8...
Be7)) 7... Be7 {The most common and logical continuation-black makes the
''necessary developing moves''.} ({Also playable is:} 7... Qc7 {-see comments
to 1/2-1/2 Polgar,J-Tsesarsky,I/Ramat Aviv 2000/CBM 75/[Tsesarsky] (42)
Tsesarsky}) 8. c3 a6 {Now black shouldn't worry about the exchange on c6, as
c2-c3 was already played, so the pawn structure after 9.Bxc6 bxc6 or even 9...
dxc6 is not bad at all.} ({Dubiously is:} 8... Qb6 $6 9. Bf1 Nge5 10. Na3 O-O
11. Nc4 Nxc4 12. Bxc4 Ne5 13. Nxe5 fxe5 14. d4 cxd4 15. cxd4 $14 {1-0 Akopian,
V-Kurajica,B/Ubeda 1996/Inf 66/[Akopian,Vl] (42)}) 9. Bf1 {Ofcourse, there is
no reason to exchange the bishop.} O-O 10. d4 d5 11. Nbd2 {Keeping the
pressure in the centre.} ({Black is developed well, so any type of positions
with an isolated pawn are not dangerous. For example:} 11. exd5 exd5 12. dxc5
Bxc5 13. Nd4 Qb6 $11 {1/2-1/2 Iordachescu,V-Wells,P/Dresden op 1996 (21)})
11... Kh8 $146 {A good profilactic move. Earlier or later, the position of
black's king may be very significant.} ({Black has got a good position after} 
11... cxd4 12. cxd4 Bd7 13. a3 ({an immediate} 13. g3 $5 {looks preferable})
13... Na7 14. exd5 exd5 15. g3 Re8 16. Bg2 Bf8 $11 {1/2-1/2 Timoshchenko,
G-Verdikhanov,V/Nikolaev zt 1993 (52)}) 12. g3 cxd4 ({After} 12... b6 13. exd5
exd5 14. Bd3 $14 {[%csl Rg6] white has a somewhat better chances.}) 13. cxd4
dxe4 {In my opinion, it was better to keep the pressure in the centre, as now
white gets a very easy piece play.} (13... Bd7 14. Bg2 Rc8 15. a3 Qb6 $132) 14.
Nxe4 Bb4 {The main drawbacks of black's position is a difficulties with a
development of Bc8 and weakness of Pe6.} ({Black doesn't solve all his
problems also after:} 14... b6 15. Rc1 Bb7 16. Ned2 e5 17. Bg2 $14) 15. Re2
Nge7 {A good plan of regrouping the pieces: the knight was completely useless
on g6, while now it gets an ideal outpost on d5. At the same time,the bishop
could attack white's isolated pawn from b6.} 16. a3 {Seizing a space on the
queen-side, but wasting some time.} ({I would prefer:} 16. Rc1 Nd5 17. Bh3 $14
{with an obvious stable advantage.}) 16... Bd6 17. b4 Nd5 ({Black has too many
weaknesses, so he has no time for a comfortable development. For example:} 
17... b6 18. Rc1 Bb7 19. Bh3 $36) 18. Nc5 Nc7 {That move looks a bit ugly ,as
the knight on d5 was black's best piece, but actually black is planning to
push away the unpleasant Nc5 by 19...b7-b6.} ({Possibly was:} 18... Qe8 19. Qe1
Nd8 20. Rc1 (20. Bh3 Qh5 $1) 20... b6 21. Ne4 Be7 $14 {[%cal Gc8b7] with a
passive, but quite solid position.}) 19. Rd2 ({Nothing gives:} 19. Bh3 a5 $1
20. Nxe6 Nxe6 21. Bxe6 Bxe6 22. Rxe6 axb4 $11) ({But deserved a serious
attention} 19. Qc2 $5 {in order to meet} a5 {with} 20. b5 $1 Nxb5 21. Nxe6 Bxe6
22. Rxe6 Nc7 23. Re2 $14) 19... Ne7 {So,20...b6 is unpreventable now. However,
it doesn't solve all the problems.} (19... b6 20. Qb3 Be7 21. Na4 Nd5 22. Nc3
$14) 20. Qb3 b6 21. Bh3 {That's the point! The retreat of the knight is not
necessary at all. At the same time, white puts a strong pressure on the Pe6.}
Ned5 (21... Nf5 22. Re1 Re8 23. Qc2 $14) 22. Nxe6 $2 {Missing black's strong
23th move.} ({The correct way was:} 22. Bxe6 $1 {(giving the bishop is usually
a hard move to see)} Bxc5 (22... Nxe6 23. Qxd5 Nc7 24. Qc6 $16) (22... Be7 23.
Bxc8 Rxc8 24. Nd3 $16) 23. Bxd5 Bxb4 24. Bxa8 Bxd2 25. Bc6 Ba5 26. d5 $14 {
with some advantage.}) 22... Nxe6 23. Qxd5 Nf4 $1 {A very powerful tactical
resourse. After exchage of the Bh3 white's king will be in danger.} 24. Qxa8 {
White accepts the challenge.} ({The alternative was:} 24. gxf4 Bxh3 25. Qh5 $1
{an important defensive move.} Bd7 26. Nh4 Re8 $44 {and black has ''only'' a
full compensation for the pawn.}) 24... Nxh3+ 25. Kh1 $6 {White doesn't feel
the danger!} ({More accurate would be:} 25. Kg2 Ng5 (25... Nf4+ 26. Kg1 $11) {
and the best decision for white is probably:} 26. Nxg5 $1 ({After} 26. Qc6 Bd7
27. Qc3 (27. Qb7 Qe7 28. Qxa6 (28. Qd5 $2 Bh3+ 29. Kh1 Be6 30. Qc6 Rc8 $19)
28... Bh3+ 29. Kh1 Qe4 $17) 27... Ne4 28. Qc2 Nxd2 29. Qxd2 Qe8 $36 {[%csl Rg2]
[%cal Ge8h5] and white's position looks dangerously, but at least he has an
extra pawn!}) 26... Bh3+ 27. Nxh3 Qxa8+ 28. d5 Rd8 29. f3 $15 {[%cal Gh3f2,
Gf2e4] /=}) 25... Bg4 {Now black gets a very strong attack.} 26. Qe4 $8 (26.
Qc6 Qc8 27. Qe4 Qe6 $19) 26... f5 27. Qd3 f4 {All black's pieces are into
attack!} 28. Rf1 ({Badly was also:} 28. Nh4 fxg3 29. fxg3 Nf2+ 30. Rxf2 Rxf2
$17 {and it's hard to believe that white's monarch could survive.}) 28... Bxb4
$1 {[%cal Gd8d5] A very powerful blow-black is freeing a way for his queen.} ({
Less convincing was:} 28... Bxf3+ 29. Qxf3 fxg3 30. Qg2 Nxf2+ 31. Rdxf2 gxf2
32. Rxf2 $15 {and white holds the position.}) 29. Ne5 $8 (29. axb4 Qd5 30. Kg2
Ng5 $19) 29... Bf5 30. Qc4 $2 {A decisive mistake which leads to an immediate
loss.} ({The only defence was:} 30. Qe2 Bxd2 31. Qxd2 Be4+ 32. f3 Bd5 $17 {
and white is still in the game (although his position is quite hard,mainly due
to weakness of Kh1)}) 30... Bxd2 31. Nf7+ Rxf7 32. Qxf7 {So, black has also a
material advantage. Maybe white hoped for some counterplay which could be
connected with d4-d5, attacking the Pg7,but there is just no time for that...}
Be4+ ({Good enough was also:} 32... Bg6 33. Qe6 Ng5 34. Qe2 Qa8+ 35. f3 Be3 $19
) 33. f3 Ng5 34. Qh5 (34. Qb3 Bd5 35. Qd3 Be3 $19) 34... g6 ({Even easier was} 
34... Qe7 $1 {[%cal Ge4f3] with an unpreventable threat of 35...Bxf3+} 35. gxf4
Bxf3+ 36. Rxf3 Qe1+ $19) 35. d5+ Kg8 36. Qh6 Qe7 {Finally it comes!} 37. d6 {
Leads to a forced mate.} ({After} 37. Qg7+ Qxg7 38. Bxg7 Nxf3 $19 {white loses
one more piece.}) 37... Bxf3+ 38. Rxf3 Qe1+ 39. Kg2 Qe2+ 40. Rf2 f3+ (40... f3+
41. Kg1 Qe1+ 42. Rf1 Be3+ 43. Kh1 Qxf1#) 0-1

[Event "American Continental 3rd"]
[Site "Buenos Aires"]
[Date "2005.08.09"]
[Round "4"]
[White "Ivanov, Alexander"]
[Black "Cordova, Emilio"]
[Result "1-0"]
[WhiteElo "2566"]
[BlackElo "2422"]
[Annotator "Roiz,M"]
[PlyCount "61"]
[EventDate "2005.08.06"]
[EventType "swiss"]
[EventRounds "11"]
[EventCountry "ARG"]
[SourceTitle "CBM 109"]
[Source "ChessBase"]
[SourceDate "2005.11.14"]
[SourceVersion "1"]
[SourceVersionDate "2005.11.14"]
[SourceQuality "1"]

1. e4 c5 2. Nf3 Nc6 3. Nc3 Nf6 4. Bb5 Nd4 {This move has a bad reputation.
White gets an excellent attacking position for free. The following game is an
additional example of Black's quick disaster in that system!} (4... Qc7 5. O-O
Nd4 {-->is a very actual position nowadays.}) ({Another possibilities are:} 
4... g6) ({and} 4... e5) 5. e5 Nxb5 6. Nxb5 Nd5 7. Ng5 $1 {[%cal Gd1f3] This
manoeuvre prevents Black from completing development and creates immediate
threats.} Qb6 $2 {After this move White's development advantage becomes
threatening.} ({There is an example of Black's quick disaster from the modern
practice:} 7... h6 $2 8. Nxf7 Kxf7 9. Qf3+ Ke6 10. c4 Nb6 $2 11. d4 d5 12. dxc5
dxc4 13. Be3 Nd5 14. O-O-O {1-0 Nataf,I-Roussel Roozmon,T/Kapuskasing 2004/The
Week in Chess 506 (14)}) ({The main continuations here are:} 7... f5) ({and} 
7... f6 {but Black's life here is also not easy at all.}) 8. Qf3 f6 $8 {
That move is necessary, but now Black's pawn structure be comes quite ugly.} 9.
Qxd5 fxg5 ({Even worse is:} 9... Qxb5 $2 10. exf6 e6 11. Qe5 gxf6 12. Qxf6 h6
13. Qf7+ Kd8 14. Qf6+ Ke8 15. Qxh8 $18 {1-0 Barua,D-Martine,J/London 1987/TD 
(18)}) 10. Nc3 $146 {White has a great strategical advantage, since Black's
pawn structure has clear drawbacks, while the king cannot find a safe place on
the board.} ({Good enough was also:} 10. c4 a6 11. Nc3 e6 12. Qf3 Be7 13. O-O
d6 14. exd6 Qxd6 15. d3 $16 {1-0 Kulish,I-Ciuksyte,D/Kishinev 1995/EXT 97 (49)}
) 10... e6 $6 {Totally weakening the dark-squares which makes black's position
critical in the middlegame.} ({It was necessary to trade the queens even at
cost of the pawn:} 10... Qc6 $142 11. Qxc6 (11. d3 $143 h6 12. O-O Qxd5 13.
Nxd5 Rb8 $14) 11... bxc6 12. Ne4 g6 13. Nxc5 Bg7 $16 {In this endgame black
has some drawish chances due to his bishop's pair.}) 11. Qf3 {A good square
for the queen. Here it prevents black from castling.} Be7 12. O-O ({There was
no reason for winning the pawn:} 12. Qh5+ g6 13. Qh6 Qc7 14. Qg7 Rf8 15. Ne4
Rf7 16. Qg8+ Rf8 17. Qxh7 Qxe5 $16 {and Black is still alive.}) 12... g6 {
An additional loss of time-black doesn't feel the danger!} ({Maybe the best
chance was:} 12... Qc6 {giving 2 pawns up} 13. Qh5+ g6 14. Qh6 b5 (14... b6 $5)
15. Qg7 Rf8 16. Qxh7 Bb7 17. Qxg6+ Kd8 18. f3 c4 $16 {[%csl Gb7] and Black has
some counterplay.}) 13. d3 Rf8 14. Qg3 Rf5 {Black has activated the rook, but
he didn't solve his main problems!} 15. Ne4 Qc7 $2 {Black is trying to keep
the material balance, but this leads to a quick disaster.} ({I can hardly
recommend:} 15... h6 16. b3 ({after} 16. f4 c4+ 17. Kh1 cxd3 18. cxd3 Qd4 $16 {
[%cal Gb7b6] the active placement of Black's queen makes White's task more
difficult.}) 16... Qc6 (16... Qc7 17. f4 $40) 17. f4 $40 {and I believe White
has a decisive attack.}) ({But much better was:} 15... Qd8 {[%cal Gb7b6]} 16.
f4 gxf4 {and it looks like Black can continue the fight. For instance,} 17.
Rxf4 (17. Bxf4 b6 18. Qh3 h5 19. g4 hxg4 20. Qxg4 Kf7 21. Ng3 Bb7 22. Nxf5 exf5
$16) 17... Rxe5 (17... b6 18. Rxf5 exf5 19. Nd6+ Bxd6 20. exd6 $18) 18. Rh4
Bxh4 19. Nd6+ (19. Qxe5 $2 d5 20. Qh8+ Kd7 21. Qxh7+ Kc6 $13) 19... Kf8 20.
Qxe5 Bf6 21. Qxc5 b6 $16) 16. Bxg5 Qxe5 ({Of course,} 16... Bxg5 {fails to} 17.
Nd6+ Kf8 18. Nxf5 $18) 17. Bxe7 Kxe7 (17... Qxg3 $2 18. Nxg3 $18 {[%csl Rf5]})
18. Qh4+ Kf8 19. Rae1 {[%cal Gh4d8] Now all of White's pieces are in the
attack, while Black's queenside pieces are still not developed. It's clear
that black is helpless!} Qc7 ({Hopeless would be also:} 19... Rh5 20. Qd8+ Kf7
21. f4 Qd4+ 22. Kh1 $18) 20. g4 {Forcing the rook to leave the key square} ({
and avoiding a simple trap:} 20. Qxh7 $4 Rh5 $19 {[%csl Rh2,Rh7]}) 20... Rf4 (
20... Rf7 21. Ng5 $18) 21. Nf6 {Starting a decisive penetration.} h5 22. Qg5
Kf7 $8 {[%tqu "En","Please,find the winning continuation.","","","f6d5","",10]}
23. Nd5 $1 {A nice resource which forces black to open the e-file.} exd5 24.
Re7+ Kf8 25. h3 $1 {White has time for this profilactic move. Black's
queen-side pieces are out of play and cannot help their king.} Rf7 ({Nothing
changes} 25... Qd6 26. Rfe1 Re4 27. R1xe4 dxe4 28. Rh7 {[%cal Gg5d8]} Kg8 29.
Qh6 Qf6 30. g5 $18) 26. Rfe1 $18 {[%cal Gg5h6] Now black is forced to give up
his queen in order to avoid a quick mate. The rest is clear.} Qf4 27. Rxf7+
Qxf7 28. Qd8+ Kg7 29. Re7 hxg4 30. hxg4 b6 31. g5 1-0